| 000 | 00823nam a22002057a 4500 | ||
|---|---|---|---|
| 999 |
_c7090 _d7090 |
||
| 003 | AR-CdUCM | ||
| 008 | 190319b ||||| |||| 00| 0 spa d | ||
| 040 |
_aMUNICIPALIDAD PROVINCIAL DEL CUSCO _cBIBLIOTECA MUNICIPAL DEL CUSCO |
||
| 082 |
_a636.2 / _bM79 |
||
| 100 |
_aMortimer, Ray _919969 |
||
| 245 | _aExplotación Mecanizada del Ganado Vacuno / | ||
| 260 |
_aEspaña : _bAcribia , _c1966. |
||
| 300 |
_a171 páginas ; _c21.5 cm. |
||
| 505 | _aContenido : El principio de la nueva era -- Las herramientas de trabajo -- El alimento -- Manipulacion de Estiercol -- El sistema en accion -- Interesa la mecanizacion -- Un ojo en el futuro... | ||
| 650 |
_aGanaderia Industrial _919970 |
||
| 650 |
_aExplotacion de la Ganaderia _919971 |
||
| 650 |
_aMecanismos de Explotacion _919972 |
||
| 942 |
_2ddc _cLIBROS |
||
| 945 | _artm | ||